BIBLIOTECA

SENCICO

Guía de cámaras de drones : (Registro nro. 3700)

Detalles MARC
000 -LEADER
fixed length control field 00787nam a22002297a 4500
003 - CONTROL NUMBER IDENTIFIER
control field PE SENCICO BE
005 - DATE AND TIME OF LATEST TRANSACTION
control field 20251020182622.0
008 - FIXED-LENGTH DATA ELEMENTS--GENERAL INFORMATION
fixed length control field 221219b |||||||| |||| 00| 0 eng d
020 ## - INTERNATIONAL STANDARD BOOK NUMBER
International Standard Book Number 978-84-15053-74-3
040 ## - CATALOGING SOURCE
Original cataloging agency PE SENCICO BE
Transcribing agency PE SENCICO BE
041 ## - LANGUAGE CODE
Language code of text/sound track or separate title spa
082 ## - DEWEY DECIMAL CLASSIFICATION NUMBER
Classification number 629.13
Item number M26
100 1# - MAIN ENTRY--PERSONAL NAME
9 (RLIN) 297
Personal name Marloh, Ivo
245 1# - TITLE STATEMENT
Title Guía de cámaras de drones :
Remainder of title una completa guía paso a paso sobre fotografía y filmación aéreas /
Statement of responsibility, etc. Ivo Marloh
260 ## - PUBLICATION, DISTRIBUTION, ETC.
Place of publication, distribution, etc. Barcelona :
Name of publisher, distributor, etc. Acanto,
Date of publication, distribution, etc. 2017
300 ## - PHYSICAL DESCRIPTION
Extent 160 p.:
Other physical details il. col., lams. col. ;
Dimensions 21 cm.
650 14 - SUBJECT ADDED ENTRY--TOPICAL TERM
9 (RLIN) 295
Topical term or geographic name entry element AVIONES NO TRIPULADOS
650 20 - SUBJECT ADDED ENTRY--TOPICAL TERM
9 (RLIN) 295
Topical term or geographic name entry element AVIONES NO TRIPULADOS
Form subdivision GUÍAS
700 1# - ADDED ENTRY--PERSONAL NAME
9 (RLIN) 298
Personal name Partridge, Keith
Relator term prólogo
910 ## - USER-OPTION DATA (OCLC)
-- hfp
-- hfp
942 ## - ADDED ENTRY ELEMENTS (KOHA)
Source of classification or shelving scheme Dewey Decimal Classification
Koha item type Libros
Classification part 629.13
Item part M26
Existencias
Fecha de la última vez que lo usaron Número de ingreso o de inventario Pago total Signatura topográfica completa Precio efectivo desde Tipo de documento Estado perdido Sistema de clasificación Estado dañado No es para préstamo Retirado Ubicación permanente Ubicación actual Fecha de adquisición
19/12/2022 16569   629.13/M26 19/12/2022 Libros   Dewey Decimal Classification       Biblioteca Central Lima Biblioteca Central Lima 19/12/2022